000 00232 a2200097 4500
001 48649
100 _aLey, Willy
245 _aSatellites, Rockets and outer space
260 _aNew York
_bNew American lib
_c
090 _c31575
_d31575
942 _aNUST-CAE
_cM
_c23975
999 _c283722
_d283722